=LDR 00000nam 2200000 4500 =001 INLIS000000000035260 =005 20130612141131 =008 ***********************************ind** =035 ##$$a0010-061300000035260 =041 ##$$a ind =082 ##$$a 370.26 =090 ##$$a 370.26, Mus p =100 ##$$a Musa, Ali Masykur =245 ##$$a Politik anggaran pendidikan pasca perubahan UUD 1945, Ali Masykur Musa =260 ##$$a 2009 $b Jakarta =300 ##$$a Ix,294 Hlm, 24 Cm =650 ##$$a Pendidikan, Aspek Hukum =850 ##$$a NBPNMAT =990 ##$$a 0001/BPAP-NTB/20142014